Environmental noise pollution: (Record no. 17066)

MARC details
000 -LEADER
fixed length control field 00789 aa a2200205 4500
008 - FIXED-LENGTH DATA ELEMENTS--GENERAL INFORMATION
fixed length control field 081020t xxu||||| |||| 00| 0 eng d
010 ## - LIBRARY OF CONGRESS CONTROL NUMBER
LC control number ENG-84099
020 ## - INTERNATIONAL STANDARD BOOK NUMBER
International Standard Book Number 8176298301
020 ## - INTERNATIONAL STANDARD BOOK NUMBER
Terms of availability 980.00 (hb)
035 ## - SYSTEM CONTROL NUMBER
System control number EN-67632
082 ## - DEWEY DECIMAL CLASSIFICATION NUMBER
Classification number 344.04638 / MAH
100 ## - MAIN ENTRY--PERSONAL NAME
Personal name Mahandiyan, Vijendra
245 ## - TITLE STATEMENT
Title Environmental noise pollution:
Remainder of title causes, evils, legislation and controls /
Statement of responsibility, etc by Vijendra Mahandiyan
260 ## - PUBLICATION, DISTRIBUTION, ETC. (IMPRINT)
Place of publication, distribution, etc New Delhi
Name of publisher, distributor, etc Deep and Deep Publications
260 ## - PUBLICATION, DISTRIBUTION, ETC. (IMPRINT)
Date of publication, distribution, etc 2006
300 ## - PHYSICAL DESCRIPTION
Extent xl,446p
Dimensions 22cm
500 ## - GENERAL NOTE
General note Includes bibliographical references and index
942 ## - ADDED ENTRY ELEMENTS (KOHA)
Source of classification or shelving scheme Dewey Decimal Classification
Koha item type English Books
Classification part 344.04638
Call number suffix MAH
Holdings
Withdrawn status Lost status Source of classification or shelving scheme Damaged status Not for loan Home library Current library Date acquired Cost, normal purchase price Total Checkouts Full call number Barcode Date last seen Copy number Cost, replacement price Price effective from Koha item type
    Dewey Decimal Classification   Not For Loan D.B.Act.Division D.B.Act.Division 26/02/2007 980.00   344.04638 MAH EN-67632 21/10/2008 1 980.00 21/10/2008 English Books

© Delhi Public Library
Hit Counter
free hit counter